It looks like you're offline.
Open Library logo
additional options menu

MARC record from Internet Archive

LEADER: 00437cam a2200145 a 4500
001 4b95857193934070a852617d2490397b
003 UK-BiTAL
005 20050705122435.0
008 770921s1977 xxk | 000 ||eng|d
020 $a0306371588
035 $a()0306371588
040 $aPP$cPP$dBSS$dUK-BiTAL
245 10 $aNative languages of the Americas.
260 $aNew York ;$aLondon :$bPlenum Press,$cc1977.
700 1 $aSebeok, Thomas A.$q(Thomas Albert),$d1920-